| 000 | 02347cam a2200289 4500500 | ||
|---|---|---|---|
| 005 | 20260301001834.0 | ||
| 041 | _afre | ||
| 042 | _adc | ||
| 100 | 1 | 0 |
_aDemartini, Anne-Emmanuelle _eauthor |
| 700 | 1 | 0 |
_aBlanchard, Véronique _eauthor |
| 700 | 1 | 0 |
_aYvorel, Jean-Jacques _eauthor |
| 245 | 0 | 0 | _aQuête sans enquête ? L’historienne et les enfants de Violette Nozière |
| 260 | _c2026. | ||
| 500 | _a16 | ||
| 520 | _aDans cet entretien, l’historienne Anne-Emmanuelle Demartini revient sur ses recherches concernant l’affaire Violette Nozière, ce double parricide des années 1930 qui a marqué l’imaginaire collectif. Son travail a évolué vers une réflexion sur la transmission d’un passé familial « secret » suite à ses rencontres fortuites avec les enfants de Violette Nozière – qui ont découvert le parcours de leur mère après sa mort. Ces rencontres ont révélé des dynamiques complexes autour du silence, du secret et de la mémoire. Anne-Emmanuelle Demartini expose ici les implications éthiques de son travail d’historienne, notamment la tension entre la quête de vérité et le respect de la vie privée des descendant·es. | ||
| 520 | _aIn this interview, historian Anne-Emmanuelle Demartini revisits her research on the Violette Nozière case, the infamous double parricide of the 1930s that left its mark on the collective imagination. Her work has evolved towards a reflection on the transmission of a “secret” family past following her chance encounters with Violette Nozière’s children – who discovered their mother’s past after her death. These encounters revealed complex dynamics surrounding silence, secrecy, and memory. Anne-Emmanuelle Demartini explains the ethical implications of her work as a historian, particularly the tension between the quest for truth and respect for the privacy of descendants. | ||
| 690 | _afigure criminelle | ||
| 690 | _améthodologie historique | ||
| 690 | _asecret de famille | ||
| 690 | _atransmission | ||
| 690 | _acriminal figure | ||
| 690 | _afamily secret | ||
| 690 | _ahistorical methodology | ||
| 690 | _aintergenerational transmission | ||
| 786 | 0 | _nL'irrégulière | 27 | 1 | 2026-02-16 | p. 35-51 | 1962-9419 | |
| 856 | 4 | 1 | _uhttps://shs.cairn.info/revue-l-irreguliere-2025-1-page-35?lang=fr&redirect-ssocas=7080 |
| 999 |
_c1674551 _d1674551 |
||